Efektívnosť výučby anglického jazyka

Angličtina ako cudzí jazyk. Nevyhnutnosť učiť sa a osvojiť si ustálené väzby v angličtine a rozširovať si slovnú zásobu z rozličných sfér komunikácie. Používanie časov v anglickom jazyku.

Gespeichert in:
Bibliographische Detailangaben
1. Verfasser: Nemcová, Alica
Format: Buchkapitel
Sprache:Slowakisch
Schlagworte:
Tags: Tag hinzufügen
Keine Tags, Fügen Sie das erste Tag hinzu!

MARC

LEADER 00000nla a2200000 4500
001 0197099
005 20240502073327.2
041 0 |a slo 
044 |a SK 
245 1 0 |a Efektívnosť výučby anglického jazyka  |c Alica Nemcová 
520 |a Angličtina ako cudzí jazyk. Nevyhnutnosť učiť sa a osvojiť si ustálené väzby v angličtine a rozširovať si slovnú zásobu z rozličných sfér komunikácie. Používanie časov v anglickom jazyku. 
610 2 0 |a vzdelávanie 
610 2 0 |a jazyky cudzie 
610 2 0 |a angličtina 
610 2 0 |a efektívnosť 
100 1 |a Nemcová, Alica